Score 0/20 Timer 06:00
17 Plays Today
% Correct
Home Alone
97%
Forrest Gump
93.7%
Grease
93%
Pulp Fiction
83.6%
Bridget Jones's Diary
81.1%
The Notebook
71.6%
Shallow Hal
66.4%
Taken 2
60.4%
Hot Fuzz
55.7%
Girl, Interrupted
47.7%
% Correct
Trainspotting
42.4%
Roman Holiday
37.8%
The Descendants
36.6%
21 Jump Street
26.5%
Manhattan
24.6%
It's a Wonderful Life
24%
Kramer vs. Kramer
17.4%
Charade
13.2%
Commando
11.3%
Assault on Precinct 13
2%
Remove Ads.
Support Sporcle.
Get the best of Sporcle when you Go Orange. This ad-free experience offers more features, more stats, and more fun while also helping to support Sporcle. Thank you for becoming a member.

You're not logged in!

Compare scores with friends on all Sporcle quizzes.
OR
Log In

Sporcle TV

Today on Sporcle TV


Watch our educational content, quiz creation guides, and fun videos on Sporcle TV.

Show Comments

Extras

Top Quizzes Today


Score Distribution

Paid Content

Your Account Isn't Verified!

In order to create a playlist on Sporcle, you need to verify the email address you used during registration. Go to your Sporcle Settings to finish the process.

Report this User

Report this user for behavior that violates our Community Guidelines.

Details: